Stranger Things - Statistiques

Statistiques générales
  • Ce quiz a été pris 2 159 fois
  • Le résultat moyen est 11 sur 12
Statistiques - réponses
Question Réponse % Correct
Quel est le jeu préféré des garçons ? Dongeon et Dragon
100%
Comment s'appelle la petite amie de Dustin ? Suzie
100%
En quoi Mike et ses amis se déguisent-il pour Halloween ? Gostbusters
98%
Quelle est le vrai nom de 11 ? Jane
98%
Comment s'appelle la soeur de 11 ? 08
95%
Où travaillent Nancy et Jonathan ? Au Hawkins Post
95%
Comment s'appelle le centre commercial ? Starcourt Mall
94%
Où travaille Steve et Robin Scoops Ahoy
91%
Qui est la partenaire de steve ? (saison 3) Robin
87%
Quelles sont les membres de la Scoop Troop Steve,Robin,Dustin et Erica
82%
Comment 11 appelle-t-elle le Docteur Brenner dans la VO ? Papa
72%
Qui est la première victime du Flagelleur Mental ? Billy
70%
Aucun quiz correspondant
Distribution des résultats
% des personnes avec chaque résultat
Percentile par nombre de réponses
Votre historique - résultats
Vous n’avez pas pris ce quiz